| 000 | 01578nam2a2200229 4500 | ||
|---|---|---|---|
| 001 | RU\NLR\BIBL_A\012626292 | ||
| 005 | 20250624092939.0 | ||
| 010 | _a978-5-6042111-1-3 | ||
| 035 | _a(NLR Aleph) 012626292 | ||
| 090 |
_a12653476 _c12653476 |
||
| 100 | _a20211020d2019 |||y0rusy50 ca | ||
| 101 | 0 | _arus | |
| 102 | _aRU | ||
| 200 | 1 | _aСборник научных трудов курсантов и студентов Второй научной конференции 14 февраля 2019 года | |
| 210 |
_d2019 _aБ. м. |
||
| 461 | 0 |
_1001RU\NLR\BIBL_A\012058325 _12001#$aРоль науки в трансформирующемся мире$fЧерномор. высш. воен.-мор. училище им. П.С. Нахимова, ФГАОУ ВО "Крым. федерал. ун-т им. В.И. Вернадского", Севастоп. экон.-гуманит. ин-т (фил.)$vВып. 1 (16) _911689597 _cСевастополь _d2019 - _fЧерномор. высш. воен.-мор. училище им. П.С. Нахимова, ФГАОУ ВО "Крым. федерал. ун-т им. В.И. Вернадского", Севастоп. экон.-гуманит. ин-т (фил.) _nЧВВМУ _tРоль науки в трансформирующемся мире _vВып. 1 (16) |
|
| 711 | 1 | 2 |
_a"Роль науки в трансформирующемся мире", научная конференция _d2 _eСевастополь _f2019 _9774182 _3RU\NLR\AUTH\880553803 |
| 852 |
_aNLR _jП23/9576 |
||
| 942 | _cISSUE | ||
| 980 | _aNB | ||
| 980 | _aRUSPER | ||